000 00247nam a2200085Ia 4500
008 220204s9999 xx 000 0 und d
082 _a06.055.5:331
_bADM
245 0 _aAdministration report of the labour department, Trivandrum. 1951-1958
942 _cBK
999 _c21980
_d21980